| 000 | 00592nam a22001937a 4500 | ||
|---|---|---|---|
| 003 | OSt | ||
| 005 | 20140310182022.0 | ||
| 008 | 130801t xxu||||| |||| 00| 0 eng d | ||
| 020 | _a9717890773 | ||
| 050 |
_aBV 4315 _b.C583 2003 |
||
| 082 |
_aTR 251 _bC51 1986 |
||
| 100 |
_aClaassen, David _97175 |
||
| 245 |
_aObject lessons for a year : _b52 talks for the children's sermon time / _cDavid J. Claassen |
||
| 260 |
_aValenzuela, Manila : _bChristian Literature Crusade, _cc2003. |
||
| 300 |
_a113 p. : _c21 cm. |
||
| 650 |
_aSermons. _97176 |
||
| 942 |
_2lcc _cBK-TR _kTR |
||
| 999 |
_c8387 _d8387 |
||